000 00427nam a22001817a 4500
003 OSt
005 20260415111553.0
008 260415b |||||||| |||| 00| 0 eng d
020 _a9789370891661
040 _cBGL
100 _aDasgupta S.N
245 _aHistory of Indian Philosophy
260 _aNew Delhi
_bFingerprint Classics
_c2026
300 _a733p
440 _vVolume -3
650 _aGeneral
942 _2ddc
_cREF
999 _c44369
_d44369